ՀՀ Գիտությունների ազգային ակադեմիայի հիմնարար գիտական գրադարան  =   Fundamental Scientific Library of NAS RA

Примеры технических препаратов : (Record no. 103059)

MARC details
000 -LEADER
fixed length control field 00692nam a2200193 a 4500
001 - CONTROL NUMBER
control field 000281621
003 - CONTROL NUMBER IDENTIFIER
control field AM-YeHGA
005 - DATE AND TIME OF LATEST TRANSACTION
control field 20250617125718.0
008 - FIXED-LENGTH DATA ELEMENTS--GENERAL INFORMATION
fixed length control field 031110s1911 ai r 000 0 rus d
040 ## - CATALOGING SOURCE
Original cataloging agency AM-YeHGA
041 0# - LANGUAGE CODE
Language code of text/sound track or separate title rus
090 ## - LOCALLY ASSIGNED LC-TYPE CALL NUMBER (OCLC); LOCAL CALL NUMBER (RLIN)
-- 104378
100 1# - MAIN ENTRY--PERSONAL NAME
Personal name Настюков, А. М.
245 10 - TITLE STATEMENT
Title Примеры технических препаратов :
Remainder of title Пособие при практ. занятиях в техн. лаб. Моск. ун-та /
Statement of responsibility, etc. А.М. Настюков, В.М. Шалфеев.
260 ## - PUBLICATION, DISTRIBUTION, ETC.
Place of publication, distribution, etc. Москва :
Date of publication, distribution, etc. 1911.
300 ## - PHYSICAL DESCRIPTION
Extent 108 с.
Other physical details ил.
650 14 - SUBJECT ADDED ENTRY--TOPICAL TERM
Topical term or geographic name entry element Химия
General subdivision Технические препараты
700 1# - ADDED ENTRY--PERSONAL NAME
Personal name Шалфеев, В. М.
Holdings
Withdrawn status Lost status Damaged status Not for loan Collection Home library Current library Date acquired Total checkouts Full call number Barcode Date last seen Price effective from Koha item type Public note
        General Fundamental Scientific Library Fundamental Scientific Library 22/12/2016   54 120637437 22/12/2016 22/12/2016 Գրքեր / Books 30 Days Loan


ՀՀ ԳԱԱ հիմնարար գիտական գրադարան
ՀՀ,Երևան 0019
Մարշալ Բաղրամյան 24/6
հեռախոս:(374-10) 52-47-50
Հետադարձ կապ

All site content, except where otherwise noted, is licensed under a
Creative Commons License